| 000 | 00524nam a22001937a 4500 | ||
|---|---|---|---|
| 003 | OSt | ||
| 005 | 20180116183029.0 | ||
| 008 | 151217b xxu||||| |||| 00| 0 eng d | ||
| 020 | _a02-609-98-1 | ||
| 024 | _202-609-98-1 | ||
| 040 | _cLahore LUMS | ||
| 082 | _a174.4 LUM 1998 | ||
| 100 | _aNaveed A | ||
| 245 |
_aCOOL BREEZE AIRCONDITIONERS _cNaveed A |
||
| 260 |
_aLahore LUMS _bLahore University of Management Sciences _c1998 |
||
| 300 |
_a5 p. _bPapers |
||
| 440 | _aCOOL BREEZE AIRCONDITIONERS | ||
| 942 |
_2ddc _cCS |
||
| 999 |
_c350912 _d350912 |
||